Datum a čas kvízu
28
Celkem bodů
Celkový počet nahraných bodů na tomto kvízu bez doplňovacích otázek.
4.
Pořadí na kvízu
Konečné umístění týmu na tomto kvízu.
Zaznamenané odpovědi
| # | Otázka | Odpověď | Body | Výsledky |
|---|---|---|---|---|
| 2. | Papež František schválil svato... | Boží influencer | 1 | |
| 3. | Která hollywoodská herečka si... | Scarlett Johansson | 1 | |
| 4. | Minulý týden byl oznámen konec... | ICQ | 1 | |
| 5. | „Bohužel nemám dobré zprávy. K... | Patrik Kincl | 0 | |
| 6. | Jak se nazývají dva nejdůležit... | Franská říše, Byzantská (Východořímská) říše | 1 | |
| 7. | Jak se jmenoval významný střed... | Magna Carta (Magna charta libertatum) | 1 | |
| 8. | Jak se jmenoval český kníže z... | Vratislav | 1 | |
| 9. | Vytvořte z těchto středověkých... | 1B 2C 3A 4D | 1 | |
| 10. | Závěrem tématu se podíváme na... | šlojíř, šlář | 1 | |
| 11. | V následujícím tématu se b... | Náprstek | 0 |